<The> International Business Book

Enregistré dans:
Détails bibliographiques
Auteur principal: Guy, Vincent
Autres auteurs: Mattock, John
Format: Livre
Langue:anglais
Publié: Lincolnwood NTC Business Books 1996
Édition:1. ed.
Sujets:
Tags: Ajouter un tag
Pas de tags, Soyez le premier à ajouter un tag!

MARC

LEADER 00000nam a2200000 4500
001 c014307
005 20221205125319.6
020 |a 0-8442-3517-2 
041 0 |a eng 
044 |a US 
245 1 0 |a <The> International Business Book  |c Vincent Guy, John Mattock 
250 |a 1. ed. 
264 1 |a Lincolnwood  |b NTC Business Books  |c 1996 
300 |a 178 s. 
610 2 0 |a podnik medzinárodný 
610 2 0 |a podnikanie medzinárodné 
610 2 0 |a manažment medzinárodný 
100 1 |a Guy, Vincent 
700 1 |a Mattock, John